000 00692nam a2200229Ia 4500
001 16008
003 GE_BSU
008 181216s||||||||xx |||||||||||||| ||und||
040 _cGE_BSU
080 _a821.353.1-11
100 _aხარანაული, ბესიკ
245 _aხეიბარი თოჯინა
245 _bპოემა
245 _cრედ. იზა ორჯონიკიძე. მხ. სპ.ცინცაძე
260 _aთბილისი
260 _bმერანი
260 _c1973
300 _a57გვ. ; 16სმ
653 _aპოემა
653 _aხეიბარი თოჯინა
942 _cBK
999 _c49101
_d49101